Manual de Construcciones en madera

Enregistré dans:
Détails bibliographiques
Collectivité auteur: Instituto Forestal (Auteur)
Format: Livre
Langue:espagnol
Publié: Santiago Instituto Forestal 1991
Édition:2a. ed
Collection:Colección Manual, 10
Sujets:
Tags: Ajouter un tag
Pas de tags, Soyez le premier à ajouter un tag!

MARC

LEADER 00000nam a2200000 a 4500
001 UCP3935
003 CL-VaPUC
008 990709e19910000CL |||||||||||||||||spa|d
082 0 4 |a 694  |b INS  |2 21 
110 2 |a Instituto Forestal  |e author  |9 431311 
245 1 0 |a Manual de Construcciones en madera 
250 |a 2a. ed 
300 |a v 
942 |c BK 
945 |d 19990709 00:00:00  |a vberengu 
260 |a Santiago  |b Instituto Forestal  |c 1991 
650 7 |a CONSTRUCCIONES DE MADERA  |2 CL-VaPUC  |9 431312 
650 0 |a Madera  |9 262357 
650 0 |a Propiedades físicas  |9 342981 
650 0 |a Propiedades mecánicas   |9 262507 
650 7 |a INGENIERIA DE LA MADERA  |2 CL-VaPUC  |9 431313 
650 0 |a Secado  |9 331351 
650 0 |a Aislación  |9 431314 
650 0 |a Normalización  |9 262666 
583 |a last modification  |c 20180530 10:55:11  |k Rodrigo Vera 
490 0 |a Colección Manual, 10 
999 |c 282048  |d 282046 
952 |0 0  |1 0  |4 0  |6 694_000000000000000_INS_1991  |7 0  |8 A  |9 323354  |a BIBARQ  |b BIBARQ  |d 2019-11-20  |h v.2  |i 3509605  |l 1  |o 694 INS 1991  |p 3509605  |r 2025-01-20  |s 2021-09-07  |w 2019-11-20  |y BK  |k ARQ